000 00606nam a22001937a 4500
005 20251108164022.0
008 250721s1991 xx 000 0 ara d
082 1 4 _a818.03/شقي
100 1 _aشقير، عبد الرحمن
245 1 0 _aمن قاسيون إلى ربة عمون :
_bرحلة العمر /
250 _aط2
264 1 _aعمان :
_bكتاب الاردن الجديد،
_c1991.
300 _a296ص
490 0 _aسلسلة احياء الذاكرة الياريخية ؛3
650 1 7 _aالمذاكرات
650 1 7 _aتاريخ الأردن
942 _2ddc
_cBK
999 _c1564
_d1564